000 01655nam a2200229Ia 4500
003 Ost
005 20260507075800.0
008 260507s9999||||xx |||||||||||||| ||und||
020 _a9789969537062
040 _cfsecg
041 _aara
082 _a657.4565
100 _aبوركايب، محمد عبد الماجد
_eمؤلف
245 0 _aتدقيق الحسابات :
_bعلى ضوء التشريع الجزائري و المعايير الجزائرية للتدقيق - الجزء الأول - /
_c محمد عبد الماجد بوركايب
260 _aالجزائر:
_bدار إيلياء للنشر والتوزيع,
_c2025
300 _a392 صفحة؛
_bإيضاحات ؛
_c24 سم
504 _aمراجع ص. 371-383
520 _aيتحدث الكتاب حول طبيعة تدقيق الحسابات و الهدف المنوط به، تمييز تدقيق الحسابات عن أنواع التدقيق الأخرى و علاقة تدقيق الحسابات بوظيفة التدقيق الداخلي، الإطار التنظيمي لمهنة تدقيق الحسابات في الجزائر و سوق خدمات تدقيق الحسابات في الجزائر، مسؤوليات الأطراف ذوي العلاقة بتدقيق الحسابات، معايير تدقيق الحسابات، أدلة الإثبات (العناصر المقنعة)، وثائق التدقيق و ملفات التدقيق، نظام الرقابة الداخلية، تقارير مدقق الحسابات.
653 _aمراجعة الحسابات- الجزائر
700 _aسيد، محمد
_eمؤلف ثانوي
942 _cكتاب
999 _c46264
_d46264